| 000 | 00350nam a22001337a 4500 | ||
|---|---|---|---|
| 082 |
_a629.2538 _bABD |
||
| 100 |
_aAbdul Majeed _924628 |
||
| 245 | _aFuel consumption study/ | ||
| 260 |
_aIslamabad: _bNRTC Pakistan, _cc1981 |
||
| 300 |
_aiii, 77 p _bill,: _c29cm |
||
| 526 |
_a0 _b0 _c0 _d629_253800000000000_ABD |
||
| 650 |
_aMCE _9379 |
||
| 942 |
_2ddc _cBK |
||
| 999 |
_c548222 _d548222 |
||